00309 a2200133 450000100060000002000180000604000370002410000150006124000320007624500270010830000070013536200090014265000240015175687 a9788504019759 cAnchieta - Colégio São Paulo aPESCE, Bel10aAventuras da Bel Pescelpor10aAventuras da Bel Pesce a640 a2015 4aLiteratura infantil